Sociedad de Botánica de México. (Record no. 5528)

MARC details
000 -CABECERA
campo de control de longitud fija 00623nam a2200217 a 4500
001 - NÚMERO DE CONTROL
campo de control BRCA_5839
005 - FECHA Y HORA DE LA ÚLTIMA TRANSACCIÓN
campo de control 20190320205232.0
008 - DATOS DE LONGITUD FIJA--INFORMACIÓN GENERAL
campo de control de longitud fija 140311c1953----mx-a######---i000-0#spa-#
041 ## - CÓDIGO DE LENGUA
Código de lengua del texto/banda sonora o título independiente spa
044 ## - CÓDIGO DEL PAÍS DE LA ENTIDAD EDITORA/PRODUCTORA
Código MARC del país mx
050 #4 - SIGNATURA TOPOGRÁFICA DE LA BIBLIOTECA DEL CONGRESO
Número de clasificación QK1
Número de documento/Ítem .S2749
-- 1953
245 10 - MENCIÓN DE TÍTULO
Título Sociedad de Botánica de México.
Resto del título Junio de 1953
Mención de responsabilidad, etc. Sociedad de Botánica de México.
260 ## - PUBLICACIÓN, DISTRIBUCIÓN, ETC.
Lugar de publicación, distribución, etc. México
Fecha de publicación, distribución, etc. 1953.
300 ## - DESCRIPCIÓN FÍSICA
Extensión Nº15. 36 p.
Otras características físicas ils., 7 láminas
Dimensiones 22 cm.
500 ## - NOTA GENERAL
Nota general Ver también Q77
500 ## - NOTA GENERAL
Nota general H100
650 14 - PUNTO DE ACCESO ADICIONAL DE MATERIA--TÉRMINO DE MATERIA
Término de materia o nombre geográfico como elemento de entrada Botánica
Subdivisión de forma Boletín
Subdivisión geográfica México
9 (RLIN) 14787
710 2# - PUNTO DE ACCESO ADICIONAL--NOMBRE DE ENTIDAD CORPORATIVA
Nombre de entidad corporativa o nombre de jurisdicción como elemento de entrada Sociedad de Botánica de México.
9 (RLIN) 14788
902 ## - CATALOGADOR
Iniciales GFM
942 ## - ELEMENTOS DE PUNTO DE ACCESO ADICIONAL (KOHA)
Fuente del sistema de clasificación o colocación Library of Congress Classification
Tipo de ítem Koha Libros
Holdings
Estado de retiro Estado de pérdida Estado dañado No para préstamo Localización permanente Ubicación/localización actual Fecha de adquisición Número de inventario Total de préstamos Signatura topográfica completa Código de barras Fecha visto por última vez Precio válido a partir de Tipo de ítem Koha
El ejemplar forma parte de la colección y puede ser consultado según las políticas vigentes.       Biblioteca del Museo Franz Mayer (Rogerio Casas-Alatriste) Biblioteca del Museo Franz Mayer (Rogerio Casas-Alatriste) 14/03/2011 H100   QK1 .S2749 1953 (H100) 6278 22/03/2019 22/03/2019 Libros